Self-healing elastomers using supramoecular approaches (Record no. 68590)
[ view plain ]
| 000 -LEADER | |
|---|---|
| fixed length control field | 01240nam a2200217Ia 4500 |
| 100 ## - MAIN ENTRY--AUTHOR NAME | |
| Personal name | Bras AR |
| 245 #0 - TITLE STATEMENT | |
| Title | Self-healing elastomers using supramoecular approaches |
| 260 ## - PUBLICATION, DISTRIBUTION, ETC. (IMPRINT) | |
| Name of publisher | Kautschuk Gummi Kunststoffe |
| Year of publication | 2012 |
| 300 ## - PHYSICAL DESCRIPTION | |
| Number of Pages | 16-23 |
| 520 ## - SUMMARY, ETC. | |
| Summary, etc | Self-healing polymers are interesting because of increased lifetime or reduced failure probability. Supramolecular materials are ideally suited for such applications. In this concept physical bonds like hydrogen bonds are used to build up high molecular weight polymers on networks of lower molecular weight building blocks. The relatively weak physical bonds are reversible. Upon stress they break first but the reversible nature allows reformation. However, the supramolecular approach contains difficulties like the thermal sensitivity of the materials or the slow healing process. We will review synthesis procedures and summarize relevant physical properties for applications. |
| 650 ## - SUBJECT ADDED ENTRY--TOPICAL TERM | |
| Topical Term | Damage control |
| 650 ## - SUBJECT ADDED ENTRY--TOPICAL TERM | |
| Topical Term | Elastomers |
| 650 ## - SUBJECT ADDED ENTRY--TOPICAL TERM | |
| Topical Term | Hydrogen bonding |
| 650 ## - SUBJECT ADDED ENTRY--TOPICAL TERM | |
| Topical Term | Self healing |
| 650 ## - SUBJECT ADDED ENTRY--TOPICAL TERM | |
| Topical Term | Supramolecular chemistry |
| 700 ## - ADDED ENTRY--PERSONAL NAME | |
| Personal name | Allgaier J |
| 700 ## - ADDED ENTRY--PERSONAL NAME | |
| Personal name | Antonius W |
| 700 ## - ADDED ENTRY--PERSONAL NAME | |
| Personal name | Hintzen Pyckhout |
| 942 ## - ADDED ENTRY ELEMENTS (KOHA) | |
| Koha item type | Journals |
| Withdrawn status | Lost status | Damaged status | Not for loan | Home library | Current library | Shelving location | Date acquired | Serial Enumeration / chronology | Koha item type |
|---|---|---|---|---|---|---|---|---|---|
| Journals | RRII Library | RRII Library | Rubber technology | 31/07/2013 | Volume 65, Issue 4 | Journals |